Growth & development, with special reference to developing economies / (Record no. 3681)

000 -LEADER
fixed length control field 01435cam a22003734a 4500
001 - CONTROL NUMBER
control field 13914665
003 - CONTROL NUMBER IDENTIFIER
control field Nust
005 - DATE AND TIME OF LATEST TRANSACTION
control field 20170105101222.0
008 - FIXED-LENGTH DATA ELEMENTS--GENERAL INFORMATION
fixed length control field 050329s2006 nyuab b 001 0 eng
010 ## - LIBRARY OF CONGRESS CONTROL NUMBER
LC control number 2005047559
020 ## - INTERNATIONAL STANDARD BOOK NUMBER
International Standard Book Number 1403996008 (cloth)
020 ## - INTERNATIONAL STANDARD BOOK NUMBER
International Standard Book Number 1403996016 (paper)
020 ## - INTERNATIONAL STANDARD BOOK NUMBER
International Standard Book Number 9781403996008
020 ## - INTERNATIONAL STANDARD BOOK NUMBER
International Standard Book Number 9781403996015
035 ## - SYSTEM CONTROL NUMBER
System control number (OCoLC)ocm58807356
040 ## - CATALOGING SOURCE
Original cataloging agency DLC
Transcribing agency DLC
Modifying agency C#P
-- BAKER
-- DLC
042 ## - AUTHENTICATION CODE
Authentication code pcc
050 00 - LIBRARY OF CONGRESS CALL NUMBER
Classification number HD82
Item number .T48 2006
082 00 - DEWEY DECIMAL CLASSIFICATION NUMBER
Classification number 338.9/009172/4
Edition number 22
100 1# - MAIN ENTRY--PERSONAL NAME
Personal name Thirlwall, A. P.
245 10 - TITLE STATEMENT
Title Growth & development, with special reference to developing economies /
Statement of responsibility, etc. A.P. Thirlwall.
246 3# - VARYING FORM OF TITLE
Title proper/short title Growth and development, with special reference to developing economies
250 ## - EDITION STATEMENT
Edition statement 8th ed.
260 ## - PUBLICATION, DISTRIBUTION, ETC.
Place of publication, distribution, etc. New York :
Name of publisher, distributor, etc. Palgrave Macmillan,
Date of publication, distribution, etc. 2006.
300 ## - PHYSICAL DESCRIPTION
Extent xxx, 685 p. :
Other physical details ill., map ;
Dimensions 25 cm.
504 ## - BIBLIOGRAPHY, ETC. NOTE
Bibliography, etc. note Includes bibliographical references (p. 615-644) and indexes.
650 #0 - SUBJECT ADDED ENTRY--TOPICAL TERM
Topical term or geographic name entry element Economic development.
651 #0 - SUBJECT ADDED ENTRY--GEOGRAPHIC NAME
Geographic name Developing countries
General subdivision Economic conditions.
856 42 - ELECTRONIC LOCATION AND ACCESS
Materials specified Publisher description
Uniform Resource Identifier <a href="http://www.loc.gov/catdir/enhancements/fy0624/2005047559-d.html">http://www.loc.gov/catdir/enhancements/fy0624/2005047559-d.html</a>
856 41 - ELECTRONIC LOCATION AND ACCESS
Materials specified Table of contents only
Uniform Resource Identifier <a href="http://www.loc.gov/catdir/enhancements/fy0624/2005047559-t.html">http://www.loc.gov/catdir/enhancements/fy0624/2005047559-t.html</a>
906 ## - LOCAL DATA ELEMENT F, LDF (RLIN)
a 7
b cbc
c orignew
d 1
e ocip
f 20
g y-gencatlg
942 ## - ADDED ENTRY ELEMENTS (KOHA)
Source of classification or shelving scheme
Koha item type Book
Holdings
Withdrawn status Lost status Source of classification or shelving scheme Damaged status Not for loan Collection code Permanent Location Current Location Shelving location Date acquired Total Checkouts Full call number Barcode Date last seen Price effective from Koha item type Total Renewals
            Central Library (CL) Central Library (CL) General Stacks 11/24/2016   338.9/009172/4 THI S3H-N-1290 11/24/2016 11/24/2016 Book  
            Central Library (CL) Central Library (CL) General Stacks 11/24/2016   338.9/009172/4 THI S3H-N-1289 11/24/2016 11/24/2016 Book  
            Central Library (CL) Central Library (CL) General Stacks 11/24/2016   338.9/009172/4 THI S3H-N-1288 11/24/2016 11/24/2016 Book  
            Central Library (CL) Central Library (CL) General Stacks 11/24/2016   338.9/009172/4 THI S3H-N-1287 11/24/2016 11/24/2016 Book  
            Central Library (CL) Central Library (CL) General Stacks 11/24/2016   338.9/009172/4 THI S3H-N-1291 12/19/2024 11/24/2016 Book 1
© 2023 Central Library, National University of Sciences and Technology. All Rights Reserved.